Función del dinero en la economía

Salvato in:
Dettagli Bibliografici
Autore principale: Havrilesky, Thomas M (Autore)
Natura: Libro
Lingua:spagnolo
Pubblicazione: Ciudad de México Limusa 1973
Soggetti:
Tags: Aggiungi Tag
Nessun Tag, puoi essere il primo ad aggiungerne!!

MARC

LEADER 00000nam a2200000 a 4500
001 UCR9427
003 CL-VaPUC
008 980613e19730000MX |||||||||||||||||spa|d
082 0 4 |a 332.4  |b HAV  |2 21 
100 0 |a Havrilesky, Thomas M  |e author  |9 411959 
245 1 0 |a Función del dinero en la economía 
300 |a 240 p 
942 |c BK 
945 |d 19980613 00:00:00  |a crobeson 
260 |a Ciudad de México  |b Limusa  |c 1973 
650 0 |a Dinero  |9 314331 
650 0 |a Economía   |9 255568 
650 0 |a Oferta y demanda  |9 255571 
650 0 |a Bancos  |9 254963 
650 0 |a Operaciones bancarias   |9 337857 
650 0 |a Política monetaria  |9 258279 
650 0 |a Macroeconomía   |9 260301 
650 0 |a Economía financiera  |9 359635 
583 |a last modification  |c 19980613 00:00:00  |k Rodrigo Vera 
999 |c 270622  |d 270620 
952 |0 0  |1 0  |4 0  |6 332_400000000000000_HAV_1973  |7 0  |8 A  |9 304975  |a BIBENE  |b BIBENE  |d 2019-11-20  |i 1413163  |o 332.4 HAV 1973  |p 1413163  |r 2025-01-15  |w 2019-11-20  |y BK  |k ICO